Karl Marx ou l'esprit du monde : (Record no. 95631)

MARC details
000 -LEADER
campo de control de longitud fija 01060cam a2200349Ma 4500
001 - NÚMERO DE CONTROL
campo de control 101272
005 - FECHA Y HORA DE LA ÚLTIMA TRANSACCIÓN
campo de control 20230410143108.0
008 - DATOS DE LONGITUD FIJA--INFORMACIÓN GENERAL
campo de control de longitud fija 080116t20052005fr ac b 001 0bfre d
035 ## - NÚMERO DE CONTROL DEL SISTEMA
Número de control de sistema (OCoLC)ocn237956613
040 ## - FUENTE DE CATALOGACIÓN
Centro catalogador/agencia de origen LVB
Lengua de catalogación fre
Centro/agencia transcriptor LVB
Centro/agencia modificador FRBML
-- BDF
-- OCLCQ
020 ## - NÚMERO INTERNACIONAL ESTÁNDAR DEL LIBRO
Número Internacional Estándar del Libro 9782253116066
020 ## - NÚMERO INTERNACIONAL ESTÁNDAR DEL LIBRO
Número Internacional Estándar del Libro 2253116068
029 1# - OTRO NÚMERO DE CONTROL DE SISTEMA (OCLC)
Identificador de la biblioteca OCLC ZWZ
Número de control de sistema 114667306
035 ## - NÚMERO DE CONTROL DEL SISTEMA
Número de control de sistema (OCoLC)237956613
082 14 - NÚMERO DE LA CLASIFICACIÓN DECIMAL DEWEY
Número de clasificación 320.531
049 ## - FONDOS LOCALES (OCLC)
Biblioteca depositaria GRAL
050 14 - SIGNATURA TOPOGRÁFICA DE LA BIBLIOTECA DEL CONGRESO
Número de clasificación bA883e 2005
100 1# - ENTRADA PRINCIPAL--NOMBRE DE PERSONA
Nombre de persona Attali, Jacques.
245 10 - MENCIÓN DEL TÍTULO
Título Karl Marx ou l'esprit du monde :
Resto del título biographie /
Mención de responsabilidad, etc. Jacques Attali.
260 ## - PUBLICACIÓN, DISTRIBUCIÓN, ETC.
Lugar de publicación, distribución, etc. Paris :
Nombre del editor, distribuidor, etc. [Librairie Gâenâerale Franðcaise,
Fecha de publicación, distribución, etc. 2005],
300 ## - DESCRIPCIÓN FÍSICA
Extensión 598 p., [16] p. de pl. :
Otras características físicas ill., portr.
490 1# - MENCIÓN DE SERIE
Mención de serie Livre de poche ;
Designación de volumen o secuencia 30781
504 ## - NOTA DE BIBLIOGRAFÍA, ETC.
Nota de bibliografía, etc. Bibliogr.: p. [547]-573.
600 16 - PUNTO DE ACCESO ADICIONAL DE MATERIA--NOMBRE DE PERSONA
Nombre de persona Marx, Karl,
Fechas asociadas al nombre 1818-1883.
650 #6 - PUNTO DE ACCESO ADICIONAL DE MATERIA--TÉRMINO DE MATERIA
Término de materia o nombre geográfico como elemento de entrada Communistes
Subdivisión de forma Biographies.
600 14 - PUNTO DE ACCESO ADICIONAL DE MATERIA--NOMBRE DE PERSONA
Nombre de persona Marx, Karl,
Fechas asociadas al nombre 1818-1883.
Subdivisión general Biographies.
600 17 - PUNTO DE ACCESO ADICIONAL DE MATERIA--NOMBRE DE PERSONA
Nombre de persona Marx, Karl,
Fechas asociadas al nombre 1818-1883.
Subdivisión general Biographies.
Fuente del encabezamiento o término ram
830 #0 - PUNTO DE ACCESO ADICIONAL DE SERIE-TÍTULO UNIFORME
Título uniforme Livre de poche ;
Designación de volumen o secuencia 30781.
942 ## - ELEMENTOS DE ENTRADA SECUNDARIOS (KOHA)
Fuente del sistema de clasificación o colocación Clasificación de Library of Congress
Tipo de ítem Koha
946 ## - PROCESAMIENTO DE INFORMACIÓN LOCAL (OCLC)
a INF
994 ## -
-- C0
-- DRFGD
Holdings
Estatus retirado Estado de pérdida Fuente del sistema de clasificación o colocación Estado de daño No para préstamo Colección Biblioteca de origen Biblioteca actual Ubicación en estantería Fecha de adquisición Signatura topográfica completa Código de barras Visto por última vez Copia número Tipo de ítem Koha
    Clasificación de Library of Congress     Automatización y Procesos Técnicos Biblioteca Juan Bosch Biblioteca Juan Bosch Automatización y Procesos Técnicos (1er. Piso) 10/04/2023 A883e 2005 00000094488 21/01/2019 1